Central Library OPAC University of Rajshahi

Strategic marketing / (Record no. 74484)

MARC details
000 -LEADER
fixed length control field 01136nam a2200325 a 4500
001 - CONTROL NUMBER
control field 74484
003 - CONTROL NUMBER IDENTIFIER
rucl marc code BD-RjUL
005 - DATE AND TIME OF LATEST TRANSACTION
control field 20211209082546.0
008 - FIXED-LENGTH DATA ELEMENTS--GENERAL INFORMATION
fixed length control field 181007r20102006maua b 001 0 eng d
020 ## - INTERNATIONAL STANDARD BOOK NUMBER
International Standard Book Number 0070682607
International Standard Book Number 0072966343 (alk. paper)
035 ## - SYSTEM CONTROL NUMBER
System control number (BD-RjUL)74702
040 ## - CATALOGING SOURCE
Original cataloging agency DLC
Transcribing agency DLC
Modifying agency DLC
-- BD-RjUL
Language of cataloging eng
041 ## - LANGUAGE CODE
Language code of text/sound track or separate title eng
082 00 - DEWEY DECIMAL CLASSIFICATION NUMBER
Classification number 658.802
Edition number 22
Author mark and year CRS 2010
100 1# - MAIN ENTRY--PERSONAL NAME
Personal name Cravens, David W.
9 (RLIN) 183241
245 10 - TITLE STATEMENT
Title Strategic marketing /
Statement of responsibility, etc. David W. Cravens, Nigel F. Piercy.
250 ## - EDITION STATEMENT
Edition statement 8th ed.
260 ## - PUBLICATION, DISTRIBUTION, ETC. (IMPRINT)
Place of publication, distribution, etc. Boston, Mass. ;
-- New Delhi :
Name of publisher, distributor, etc. Tata McGraw-Hill,
Date of publication, distribution, etc. c2006 [Reprinted 2013]
300 ## - PHYSICAL DESCRIPTION
Pagination xvii, 726 p. :
Illustrations ill. ;
Size 26 cm.
500 ## - GENERAL NOTE
General note Various multi-media instructional materials are available to supplement the text.
504 ## - BIBLIOGRAPHY, ETC. NOTE
Bibliography, etc Includes bibliographical references and indexes.
650 #0 - SUBJECT ADDED ENTRY--TOPICAL TERM
Topical term or geographic name as entry element Marketing
General subdivision Decision making.
9 (RLIN) 223376
Topical term or geographic name as entry element Marketing
General subdivision Management.
9 (RLIN) 223377
Topical term or geographic name as entry element Marketing
General subdivision Management
Form subdivision Case studies.
9 (RLIN) 223378
700 1# - ADDED ENTRY--PERSONAL NAME
Personal name Piercy, Nigel.
942 ## - ADDED ENTRY ELEMENTS (KOHA)
Source of classification or shelving scheme Dewey Decimal Classification
Koha item type Books
Holdings
Lost status Source of classification or shelving scheme Damaged status Not for loan Collection code Permanent Location Current Location Shelving location Date acquired Source of acquisition Cost, normal purchase price Total Checkouts Full call number Date last seen Copy number Koha item type
  Dewey Decimal Classification     Non-fiction Central Library, University of Rajshahi Central Library, University of Rajshahi   02/10/2018 Orbital International, Dhaka 805.35   658.802 CRS 2010 08/10/2018 C-3 Books
  Dewey Decimal Classification   Not For Loan Non-fiction Central Library, University of Rajshahi Central Library, University of Rajshahi Reading Room 02/10/2018 Orbital International, Dhaka 805.35   658.802 CRS 2010 08/10/2018 C-1 Books
  Dewey Decimal Classification     Non-fiction Central Library, University of Rajshahi Central Library, University of Rajshahi   02/10/2018 Orbital International, Dhaka 805.35   658.802 CRS 2010 08/10/2018 C-2 Books